| 000 | 00753nam a22002177a 4500 | ||
|---|---|---|---|
| 999 |
_c10533 _d10533 |
||
| 003 | AR-CdUCM | ||
| 008 | 190401b ||||| |||| 00| 0 spa d | ||
| 040 |
_aMUNICIPALIDAD PROVINCIAL DEL CUSCO _cBIBLIOTECA MUNICIPAL DEL CUSCO |
||
| 082 |
_a344.52 / _bG62 / 1847 |
||
| 100 |
_aGomz y Negro, Don Lucas _927462 |
||
| 245 |
_aElementos de Practica Forense : _bCon un formulario arreglado a ellos / |
||
| 260 |
_aParis : _bLibreria de Rosa, _c1847. |
||
| 300 |
_a441 paginas ; _c20 cm. |
||
| 505 | _aContenido: juicio civil ordinario -- juicio criminal -- recurso extraordinario -- expedientes ... | ||
| 650 |
_aJuicios _97111 |
||
| 650 |
_aForenses _927463 |
||
| 650 |
_aFormas _923016 |
||
| 650 |
_aPerĂº _935 |
||
| 942 |
_2ddc _cLIBROS |
||
| 945 | _apjha | ||